Central Library, Doon University
WEBOPAC (ONLINE PUBLIC ACCESS CATALOGUE)

Vertebrate Paleontology (Record no. 60279)

MARC details
000 -LEADER
fixed length control field 00447nam a22001937a 4500
005 - DATE & TIME
control field 20260207163301.0
008 - FIXED-LENGTH DATA ELEMENTS--GENERAL INFORMATION
fixed length control field 260207b |||||||| |||| 00| 0 eng d
020 ## - ISBN
International Standard Book Number 9781394195084
Price 6442.40
040 ## - CATALOGING SOURCE
Original cataloging agency Doon University
041 ## - Language
Language English
082 ## - DDC NUMBER
Classification number 560
Book Number BEN
100 ## - MAIN ENTRY--PERSONAL NAME
Personal name Benton, Michael J.
245 ## - TITLE STATEMENT
Title Vertebrate Paleontology
250 ## - EDITION STATEMENT
Edition statement 5th
260 ## - PUBLICATION, DISTRIBUTION, ETC. (IMPRINT)
Name of publisher, distributor, etc Wiley
Date of publication, distribution, etc 2024
300 ## - PHYSICAL DESCRIPTION
Pages 660
650 ## - Subject
Subject Geology
942 ## - ADDED ENTRY ELEMENTS (KOHA)
Koha item type Books
100 ## - MAIN ENTRY--PERSONAL NAME
-- 20567
650 ## - Subject
-- 1039
952 ## - LOCATION AND ITEM INFORMATION (KOHA)
-- 2026-02-07
952 ## - LOCATION AND ITEM INFORMATION (KOHA)
-- 2026-02-07
Holdings
Withdrawn status Lost status Source of classification or shelving scheme Damaged status Not for loan Location (home branch) Sublocation or collection (holding branch) Date acquired Koha issues (times borrowed) Koha full call number Accession No. Koha date last seen Koha item type
          Doon University Doon University 07.02.2026   560 BEN 52533 07.02.2026 Books
          Doon University Doon University 07.02.2026   560 BEN 52534 07.02.2026 Books
Contact : +91-135-2533126 (Library),+91-135-2533105 (Admin Office) , Email : doonlibrary@gmail.com

Powered by Koha